00233pab a2200073 454500008003600000245006100036650002800097773003400125180718b xxu||||| |||| 00| 0 eng d aStructural adjustment: second thoughts within government aIndia - Economic Policy aEconomic and Political Weekly